MARC

LEADER 00000nam a22000005i 4500
001 24774
003 AGDB
005 20260324181536.0
008 180709s|||| xx ||||| |||||||| ||und|c
035 |a (ES-BaCBU).b71879651 
035 |a 141124 
040 |a ES-BaURL  |b cat  |e rda  |c ES-BaURL 
100 |a Piu de Sanct Gviu, Feliu (Pompeu Gener),  |e autor  |9 72533 
245 1 4 |a Los Cent conçeyls del Conçeyl de Cent 
264 1 |a Barcelona :  |b [s.n.] ,  |c [s.a.] 
300 |a 47 pàg. ;  |c 25 cm 
336 |a text  |b txt  |2 rdacontent 
337 |a sense mediació  |b n  |2 rdamedia 
338 |a volum  |b nc  |2 rdacarrier 
500 |a Títol a coberta: Los Cent conçeyls del Conçeyl de Cent escrits de ma de fra Feliu Piu de Sanct Guiu canonie de la Seu ab altre maximes everitats que shi enclouhen e son en vers 
500 |a A coberta: "Si voletz comprar est llibre el trobareu en venda a la Llibreria de Vyl de Johan Llordachs, que stà sota les Voltes de la Plaça de Sanct Sebastià, dita també dels Enchants Veyls de Barcelona, e encara a tot arreu on ni hagi." 
500 |a Prové del fons Joan Junyer i Pascual (1909-1994) 
650 |a Fons Joan Junyer i Pascual (1909-1994)  |9 72777 
650 7 |a Proverbis catalans  |9 11767 
907 |a .b71879651  |b 23-01-21  |c 10-07-18  |d 10-07-18  |e m  |f a  |g -  |h und  |i xx  |j 4  |k 1 
908 |a URL 
942 |2 udc  |c ARXIU  |n 1 
952 |0 0  |1 0  |4 0  |6 F50492  |7 1  |9 98495  |a Arxiu  |b Arxiu  |d 2025-10-17  |l 0  |o F-504-92  |p 24774  |r 2025-10-17 10:52:51  |w 2025-10-17  |y ARXIU 
999 |c 130248  |d 130248